Algebra y geometría
Guardat en:
| Autor principal: | |
|---|---|
| Format: | Llibre |
| Idioma: | espanyol |
| Publicat: |
Santiago
Universidad de Chile
1979
|
| Matèries: | |
| Etiquetes: |
Afegir etiqueta
Sense etiquetes, Sigues el primer a etiquetar aquest registre!
|
MARC
| LEADER | 00000nam a2200000 a 4500 | ||
|---|---|---|---|
| 001 | UCP3728 | ||
| 003 | CL-VaPUC | ||
| 008 | 990702e19790000CL |||||||||||||||||spa|d | ||
| 082 | 0 | 4 | |a 512.1 |b BAR |2 21 |
| 100 | 0 | |a Barriga, Oscar E |e author |9 431102 | |
| 245 | 1 | 0 | |a Algebra y geometría |
| 300 | |a 154 p | ||
| 942 | |c BK | ||
| 945 | |d 19990702 00:00:00 |a crobeson | ||
| 260 | |a Santiago |b Universidad de Chile |c 1979 | ||
| 650 | 0 | |a Álgebra |9 259567 | |
| 650 | 0 | |a Geometría |9 264063 | |
| 650 | 0 | |a Teoría de conjuntos |9 265668 | |
| 650 | 0 | |a Números complejos |9 270335 | |
| 650 | 7 | |a TRIGONOMETRIA PLANA |2 CL-VaPUC |9 265659 | |
| 650 | 0 | |a Polinomios |9 270626 | |
| 650 | 0 | |a Espacios vectoriales |9 21 | |
| 650 | 0 | |a Álgebra lineal |9 260445 | |
| 650 | 0 | |a Matrices |9 22 | |
| 650 | 0 | |a Probabilidades |9 260199 | |
| 650 | 7 | |a COMBINATORIA |2 CL-VaPUC |9 392344 | |
| 650 | 7 | |a PERMUTACIONES |2 CL-VaPUC |9 431103 | |
| 650 | 0 | |a Procesos estocásticos |9 260364 | |
| 650 | 0 | |a Cadenas de Markov |9 350699 | |
| 583 | |a last modification |c 19990702 00:00:00 |k Rodrigo Vera | ||
| 999 | |c 281935 |d 281933 | ||
| 952 | |0 0 |1 0 |4 0 |6 512_100000000000000_BAR_1979 |7 0 |8 A |9 323103 |a BIBMAT |b BIBMAT |d 2019-11-20 |i 1351494 |o 512.1 BAR 1979 |p 1351494 |r 2025-01-07 |w 2019-11-20 |y BK |k MAT | ||